[Event "Kerch Panticapaeum Rapid op"]
[Site "Kerch"]
[Date "2021.09.21"]
[Round "3"]
[White "Khripachenko, Alexander"]
[Black "Petrosyan, Nikita"]
[Result "1-0"]
[WhiteElo "2210"]
[BlackElo "1293"]
[PlyCount "97"]
[EventDate "2021.09.21"]
[EventType "swiss (rapid)"]
[EventRounds "9"]
[EventCountry "RUS"]
[SourceTitle "CBM 204 Extra"]
[Source "ChessBase"]
[SourceDate "2021.11.30"]
[SourceVersion "1"]
[SourceVersionDate "2021.11.30"]
[SourceQuality "1"]

1. e4 e5 2. Nf3 Nc6 3. Bc4 Nf6 4. d3 Bc5 5. c3 0-0 6. Nbd2 d6 7. Bb3 Be6 8. Qe2 Qd7 9. h3 Rfe8 10. g4 d5 11. Nf1 dxe4 12. dxe4 Bxb3 13. axb3 Rad8 14. Ng3 Qd3 15. Bg5 Re6 16. b4 Bb6 17. Qxd3 Rxd3 18. Ke2 Red6 19. b5 Na5 20. Nxe5 Rxg3 21. fxg3 Nxe4 22. Bf4 g5 23. Kf3 Nf2 24. Rhf1 gxf4 25. Rxf2 f6 26. Re2 fxe5 27. Rxe5 Nc4 28. Rg5+ Kf7 29. Rf5+ Rf6 30. Rxf6+ Kxf6 31. gxf4 Nxb2 32. g5+ Kf7 33. h4 Nc4 34. h5 Nd2+ 35. Kg4 Ne4 36. c4 Bd4 37. Re1 Nf2+ 38. Kf5 Bc3 39. g6+ hxg6+ 40. hxg6+ Kf8 41. Rf1 Nd3 42. Rf3 Nxf4 43. Kxf4 Bf6 44. Kf5 Kg7 45. Rh3 Bd4 46. Rh7+ Kg8 47. Rxc7 a5 48. Rxb7 a4 49. Rb8+ 1-0